Profesionales de Orientación y la perspectiva de género en Costa Rica /

Guardado en:
書目詳細資料
主要作者: Villareal Montoya, Cecilia
格式: 圖書
語言:Spanish
標簽: 添加標簽
沒有標簽, 成為第一個標記此記錄!

MARC

LEADER 00000nam a22000007a 4500
003 cru CIDCACS/IIS
005 20200925161352.0
007 ta
008 170727t2001 cr ||||| |||| 00| 0 spa d
999 |c 19500  |d 19500 
040 |c CRAI/IIS  |a CRAI/IIS 
100 1 |9 5049  |a Villareal Montoya, Cecilia 
245 1 |a Profesionales de Orientación y la perspectiva de género en Costa Rica /  |c Cecilia Villareal Montoya 
300 |a páginas 49-58 
773 0 |0 19488  |9 1059  |a Universidad de Costa Rica  |d San José, Costa Rica: Editorial Universidad de Costa Rica, 1977-  |o 18178  |t Educación:  |x 03797082 
942 |2 ddc  |c PP